| 000 | 01722cam a22002655a 4500 | ||
|---|---|---|---|
| 001 | L157605 | ||
| 002 | ## | ||
| 008 | 100709s2007 xxk 000 0 eng u | ||
| 020 | _a9780414040106 | ||
| 035 | _a(Sirsi) u157605 | ||
| 041 | 0 | _aeng | |
| 050 | 0 | 4 | _a692.8 $2 18 |
| 110 | 2 |
_aJoint Contracts Tribunal _93664 |
|
| 240 | 0 | 0 | _aIC |
| 245 | 0 | 0 |
_aIC _bintermediate building contract 2005, revision 2 2009 |
| 260 |
_aLondon _bSweet and Maxwell _c2009 |
||
| 300 |
_aiv, 86p. _c30cm. |
||
| 490 | _aJCT Intermediate Building Contract (2005 Edition) | ||
| 520 | _aAgreement for simple building works without complex building service installations or other specialist work. The contract can be used where fairly detailed contact provisions are necessary and the employer is to provide the contractor with drawings and bills of quantities, a specification or work schedules defining the quantity and quality of the work and where there is an architect/contract administrator and quantity surveyor to administer the conditions. It is suitable for projects which are to be carried out in sections, for private and local authority employers and where provisions are required to cover named specialists. If the contractor is to design discrete parts of the works the JCT Intermediate Building Contract With Contractor's Design (2005 Edition) should be used. | ||
| 520 | _aIncorporates Amendment 1, April 2007. Reprinted April 2008 incorporating Attestation Update. Revision 2, June 2009 | ||
| 650 | 2 | 4 | _aJCT INTERMEDIATE BUILDING CONTRACT (2005 EDITION) |
| 651 | 4 |
_aUnited Kingdom _y |
|
| 690 | _aBUILT ENVIRONMENT-BUILDING CONTRACT FORMS-STANDARD FORMS OF BUILDING CONTRACT-JOINT CONTRACTS TRIBUNAL CONTRACTS | ||
| 942 | _n0 | ||
| 999 |
_c114867 _d114867 |
||